[Ceny a náklady v stavebníctve]

Recenzia na vysokoškolskú učebnicu, ktorá je rozčlenená do 5. kapitol s logickou nádväznosťou. Text je doplnený schémami, tabuľkami a praktickými príkladmi, ktoré prispievajú k ľahšej orientácii pri tvorbe cien stavebnej produkcie a cenovej stratégie stavebnej firmy.

Na minha lista:
Detalhes bibliográficos
Autor principal: Čarnický, Štefan
Formato: Capítulo de Livro
Idioma:eslovaco
Assuntos:
Tags: Adicionar Tag
Sem tags, seja o primeiro a adicionar uma tag!

MARC

LEADER 00000naa$a2200000$$$4500
001 0114017
005 20240502072252.9
041 0 |a slo 
044 |a SK 
245 1 0 |a [Ceny a náklady v stavebníctve]  |c Štefan Čarnický 
520 |a Recenzia na vysokoškolskú učebnicu, ktorá je rozčlenená do 5. kapitol s logickou nádväznosťou. Text je doplnený schémami, tabuľkami a praktickými príkladmi, ktoré prispievajú k ľahšej orientácii pri tvorbe cien stavebnej produkcie a cenovej stratégie stavebnej firmy. 
610 2 0 |a podnik stavebný 
610 2 0 |a ceny 
610 2 0 |a náklady 
610 2 0 |a stavebníctvo 
610 2 0 |a recenzie 
100 1 |a Čarnický, Štefan